000 00559nam a22001937a 4500
999 _c7646
_d7646
003 OSt
005 20220122113410.0
008 220122b ||||| |||| 00| 0 eng d
020 _a9780415512763
040 _cDCC
082 _a771.54 DEV 2007
100 _aAllen J Scott: Gioacchino,Garofoli
_915632
245 _aDevelopment on the Ground.
_bCluster, Networks and Regions in Emerging Economies.
260 _aNew York:
_bRoutledge;
_c2007,
300 _axii,346p.;
_c25cm.
504 _aIncludes Index.
650 _aDevelopment.
_9612
942 _2ddc
_cBOOK